000 01088nam a2200289Ia 4500
003 OSt
005 20221005110545.0
006 a|||||r|||| 00| 0
007 ta
008 221004b |||||||| |||| 00| 0 hin d
020 _a9788126319626 (hbk)
_cINR 200.00
024 _a37001
037 _bBW/1696, 15/03/2018, Bookwell
_cTextual
040 _aCRL
_cCRL
_bhin
041 _2hin
_ahin
082 _aO152,3N80,AU, Q1
100 _aकुणाल सिंह, ले.
245 0 _aआदिग्राम उपाख्यान
246 _aĀdigrām upākhyāna
260 _aनई दिल्ली
_bभारतीय ज्ञानपीठ भारत
_c2015
300 _a184पृ0
_ccm.
490 _aलोकोदय ग्रन्थमाला; ग्रन्थांक1045
650 _a हिन्दी साहित्य
650 _aहिन्दी कहानी
942 _hO152,3N80,AU, Q1
_cTEXL
_2cc
999 _c1019196
_d1019196